Dla jakiego klubu nie grał #2 - Statystyki

Ogólne statystyki
  • Ten quiz został rozwiązany 124 razy
  • Średni wynik to 3 z 5
Statystyki odpowiedzi
Zagadnienie Odpowiedź % Poprawnych
Dla jakiego klubu nie grał Neymar Fluminense
95%
Dla jakiego klubu nie grał Didier Drogba Olympique Lyon
59%
Dla jakiego klubu nie grał Ciro Immobile Westham Utd
53%
Dla jakiego klubu nie grał Abedi Pele PSG
31%
Dla jakiego klubu nie grał Frank Rijkaard Sevilla
28%
Nie znaleziono quizów pasujących do podanych kryteriów
Rozkład punktacji
Procent ludzi z każdym wynikiem
Percentyl według liczby udzielonych odpowiedzi
Twoja historia wyników
Nie rozwiązałeś tego quizu